| 000 | 00850nam a22002777a 4500 | ||
|---|---|---|---|
| 999 |
_c1079 _d1079 |
||
| 001 | 003628 | ||
| 003 | CoMeUDC003628 | ||
| 005 | 20190131162622.0 | ||
| 008 | 130827s2012 ck gr 00010 spa d | ||
| 015 | _ack-2012-xxxx | ||
| 020 | _a9789588674148 | ||
| 040 |
_aCO-BoBLA _bspa _cCoMeUDC |
||
| 041 | 0 | _aspa | |
| 082 | 0 | 4 |
_a571.939 _bR436m _221 |
| 100 | 1 | _aRestrepo Moreno, Alonso. | |
| 245 | 1 | 0 |
_aMeditaciones biológicas sobre la muerte / _cAlonso Restrepo Moreno. |
| 250 | _aEditor Romón Restrepo R. | ||
| 260 |
_aMedellín : _bUniversidad CES, _c2012. |
||
| 300 |
_a399 p. ; _c24 cm. |
||
| 490 | 0 |
_aColección Bicentenario de Antioquia 200 ; _v37 |
|
| 650 | 0 |
_aMuerte (Biología) _91447 |
|
| 650 | _aMortalidad. | ||
| 700 |
_aRestrepo R., Romón, _eed. _91448 |
||
| 942 |
_2ddc _cBK |
||
| 949 |
_an _bn |
||